[Event "63rd DEN-ch"]
[Site "Aalborg DEN"]
[Date "1984.??.??"]
[Round "10"]
[White "Fries-Nielsen, Niels Joergen"]
[Black "Hansen, Curt"]
[WhiteElo "2345"]
[BlackElo "2485"]
[Result "0-1"]
[EventDate "1984.01.01"]
[PlyCount "62"]
[EventCategory "5"]
[Source "ChessBase"]
[SourceDate "1999.11.16"]

1. e3 g6 2. Nf3 Bg7 3. d4 d6 4. b3 Nf6 5. Bb2 O-O 6. Be2 Nbd7 7. c4 e6 8. Qc2
Qe7 9. Nc3 c6 10. h3 e5 11. O-O-O Re8 12. g4 exd4 13. Nxd4 Nc5 14. Bf3 a5 15.
Rd2 a4 16. Rhd1 axb3 17. axb3 h6 18. Nde2 Rd8 19. Nf4 Ra6 20. Nd3 Nxd3+ 21.
Rxd3 Be6 22. R1d2 d5 23. Kd1 Rc8 24. cxd5 cxd5 25. Bxd5 Nxd5 26. Nxd5 Qh4 27.
Nc7 Rc6 28. Bxg7 Rxc2 29. Rxc2 Rxc7 30. Be5 Rxc2 31. Kxc2 f5 0-1

[Event "63rd DEN-ch"]
[Site "Aalborg DEN"]
[Date "1984.??.??"]
[Round "10"]
[White "Hoei, Carsten"]
[Black "Fries-Nielsen, Jens Ove"]
[WhiteElo "2400"]
[BlackElo "2420"]
[Result "1/2-1/2"]
[EventDate "1984.01.01"]
[PlyCount "93"]
[EventCategory "5"]
[Source "ChessBase"]
[SourceDate "1999.11.16"]

1. d4 d5 2. Nf3 e6 3. e3 Nf6 4. Bd3 c5 5. c3 Nc6 6. O-O Bd6 7. Nbd2 O-O 8. dxc5
Bxc5 9. e4 Qc7 10. Qe2 Bd6 11. Re1 Ng4 12. h3 Nge5 13. Nxe5 Nxe5 14. exd5 exd5
15. Nf3 Re8 16. Be3 Nxd3 17. Qxd3 Be6 18. Bd4 f6 19. Re2 Bf7 20. Rae1 Rxe2 21.
Rxe2 Qc4 22. Qxc4 dxc4 23. Nh4 a6 24. Nf5 Bf8 25. Bb6 Re8 26. Rd2 Re5 27. Ne3
Re6 28. Bc7 Rc6 29. Bg3 Be6 30. Nc2 Rc8 31. Kf1 Kf7 32. Ke1 Bf5 33. Kd1 g6 34.
Bf4 h5 35. Be3 b5 36. Bd4 Bd3 37. Ne3 Bh6 38. b4 f5 39. g3 f4 40. gxf4 Bxf4 41.
a4 Rd8 42. axb5 axb5 43. Ra2 Bxe3 44. fxe3 Rd5 45. Ra7+ Ke6 46. Ra6+ Kd7 47.
Ke1 1/2-1/2

[Event "63rd DEN-ch"]
[Site "Aalborg DEN"]
[Date "1984.??.??"]
[Round "10"]
[White "Hvenekilde, Joergen"]
[Black "Kroll, Ove"]
[WhiteElo "2290"]
[BlackElo "2300"]
[Result "1-0"]
[EventDate "1984.01.01"]
[PlyCount "59"]
[EventCategory "5"]
[Source "ChessBase"]
[SourceDate "1999.11.16"]

1. Nf3 c5 2. e4 Nc6 3. Be2 Nf6 4. d3 g6 5. O-O Bg7 6. Nbd2 O-O 7. a4 b6 8. Nc4
d5 9. exd5 Nxd5 10. Re1 Nd4 11. Nxd4 cxd4 12. Bf3 Bb7 13. Bf4 Rc8 14. Qd2 Bc6
15. Bh6 Bxh6 16. Qxh6 Nf6 17. Bxc6 Rxc6 18. Re2 Qc7 19. Rae1 e6 20. Qh4 Qd8 21.
Ne5 Rd6 22. Nf3 Kg7 23. Qf4 Re8 24. h4 h5 25. Ng5 Re7 26. f3 Rd5 27. g4 e5 28.
Rxe5 Qc7 29. Rxe7 Qxf4 30. Ne6+ 1-0

[Event "63rd DEN-ch"]
[Site "Aalborg DEN"]
[Date "1984.??.??"]
[Round "10"]
[White "Kristiansen, Jens"]
[Black "Jakobsen, Ole"]
[WhiteElo "2450"]
[BlackElo "2420"]
[Result "0-1"]
[EventDate "1984.01.01"]
[PlyCount "84"]
[EventCategory "5"]
[Source "ChessBase"]
[SourceDate "1999.11.16"]

1. e4 c5 2. Nf3 d6 3. d4 cxd4 4. Qxd4 Nc6 5. Bb5 Bd7 6. Bxc6 Bxc6 7. c4 Nf6 8.
Nc3 e6 9. O-O Be7 10. b3 O-O 11. Bb2 Qa5 12. Qd2 Qb6 13. Rae1 Rfe8 14. Nd4 Bd7
15. Kh1 Rad8 16. f4 Bc6 17. f5 d5 18. cxd5 exd5 19. e5 Ne4 20. Nxe4 dxe4 21. f6
Bf8 22. Qf2 Bd5 23. Qg3 g6 24. h4 Qc7 25. Nf5 Be6 26. Nd6 Bxd6 27. exd6 Qxd6
28. Qg5 Qd2 29. Rxe4 h6 30. Qxd2 Rxd2 31. Bd4 Rxa2 32. Rc1 Rd8 33. Be3 h5 34.
Re5 Bd5 35. Rg5 Bc6 36. b4 a6 37. Kg1 Rd3 38. Bc5 Rdd2 39. Re1 Rxg2+ 40. Rxg2
Rxg2+ 41. Kf1 Rg4 42. Rd1 Rxh4 0-1

[Event "63rd DEN-ch"]
[Site "Aalborg DEN"]
[Date "1984.??.??"]
[Round "10"]
[White "Rasmussen, Karsten"]
[Black "Pedersen, Erik"]
[BlackElo "2380"]
[Result "1/2-1/2"]
[EventDate "1984.01.01"]
[PlyCount "84"]
[EventCategory "5"]
[Source "ChessBase"]
[SourceDate "1999.11.16"]
[WhiteElo "2275"]

1. e4 c6 2. d4 d5 3. exd5 cxd5 4. Bd3 Nc6 5. c3 g6 6. Nf3 Bg7 7. O-O Nh6 8. Bf4
O-O 9. Re1 Kh8 10. Na3 Nf5 11. Nc2 f6 12. c4 dxc4 13. Bxc4 g5 14. Bg3 g4 15. d5
Na5 16. Nd2 Nxc4 17. Nxc4 Nxg3 18. hxg3 b5 19. N4e3 f5 20. Nd4 Qb6 21. Ne6 Bxe6
22. dxe6 Qxe6 23. Nxg4 Qd6 24. Qxd6 exd6 25. Ne3 Bxb2 26. Rab1 Bc3 27. Rec1 Bd2
28. Rd1 Bxe3 29. fxe3 a6 30. Rxd6 Rfc8 31. Rd7 Rc2 32. a4 Rb8 33. axb5 axb5 34.
Rb4 Rc1+ 35. Kh2 Rb6 36. g4 fxg4 37. Rxg4 Rh6+ 38. Kg3 Rg6 39. Rxg6 hxg6 40.
Rb7 Rb1 41. Kf4 Kg8 42. Kg5 Rb4 1/2-1/2

[Event "63rd DEN-ch"]
[Site "Aalborg DEN"]
[Date "1984.??.??"]
[Round "11"]
[White "Fries-Nielsen, Jens Ove"]
[Black "Rasmussen, Karsten"]
[WhiteElo "2420"]
[Result "0-1"]
[EventDate "1984.01.01"]
[PlyCount "74"]
[EventCategory "5"]
[Source "ChessBase"]
[SourceDate "1999.11.16"]
[BlackElo "2275"]

1. e4 c6 2. d3 e5 3. Nf3 d6 4. g3 g6 5. Bg2 Bg7 6. O-O Ne7 7. Nc3 O-O 8. d4 Bg4
9. Be3 Nd7 10. h3 Bxf3 11. Bxf3 exd4 12. Bxd4 Ne5 13. Bg2 c5 14. Bxe5 Bxe5 15.
Qd3 a6 16. Nd1 Qb6 17. c3 Rad8 18. Qe2 Qb5 19. Qc2 f5 20. f4 Bg7 21. a4 Qd7 22.
Nf2 Kh8 23. Rfd1 Qc7 24. h4 Rfe8 25. Re1 fxe4 26. Qxe4 d5 27. Qe6 d4 28. cxd4
Bxd4 29. Rad1 Kg7 30. Qb3 Nf5 31. Qxb7 Qxb7 32. Bxb7 Nxg3 33. Kg2 Nf5 34. Rxe8
Rxe8 35. Rd2 a5 36. Bc6 Re3 37. Rd3 Re2 0-1

[Event "63rd DEN-ch"]
[Site "Aalborg DEN"]
[Date "1984.??.??"]
[Round "11"]
[White "Hansen, Curt"]
[Black "Hvenekilde, Joergen"]
[WhiteElo "2485"]
[BlackElo "2290"]
[Result "1-0"]
[EventDate "1984.01.01"]
[PlyCount "63"]
[EventCategory "5"]
[Source "ChessBase"]
[SourceDate "1999.11.16"]

1. Nf3 Nf6 2. c4 g6 3. g3 Bg7 4. Bg2 O-O 5. O-O d6 6. d4 Nc6 7. Nc3 Bf5 8. Ne1
Qd7 9. e4 Bh3 10. d5 Na5 11. Qd3 Bxg2 12. Kxg2 c5 13. Bd2 a6 14. Rb1 b5 15. b3
Rfb8 16. Nc2 Nb7 17. h3 b4 18. Na4 Qc7 19. Ne3 Nd7 20. h4 Nb6 21. Nxb6 Qxb6 22.
h5 a5 23. hxg6 hxg6 24. Rh1 a4 25. Ng4 axb3 26. axb3 Ra2 27. Bh6 Bh8 28. Bg5 f6
29. e5 f5 30. Nh6+ Kf8 31. Nxf5 Bxe5 32. Nxe7 1-0

[Event "63rd DEN-ch"]
[Site "Aalborg DEN"]
[Date "1984.??.??"]
[Round "11"]
[White "Oest-Hansen, Jacob"]
[Black "Kristiansen, Jens"]
[WhiteElo "2430"]
[BlackElo "2450"]
[Result "1-0"]
[EventDate "1984.01.01"]
[PlyCount "97"]
[EventCategory "5"]
[Source "ChessBase"]
[SourceDate "1999.11.16"]

1. g3 Nf6 2. Bg2 g6 3. e4 Bg7 4. d3 O-O 5. f4 d6 6. Nc3 e5 7. Nge2 c6 8. O-O
Nbd7 9. h3 b5 10. a3 Bb7 11. f5 d5 12. g4 h6 13. g5 hxg5 14. Bxg5 Qb6+ 15. Kh2
a5 16. Ng3 b4 17. Na4 Qb5 18. axb4 axb4 19. b3 Nc5 20. Nxc5 Rxa1 21. Qxa1 Qxc5
22. Qc1 Qd6 23. h4 c5 24. exd5 Bxd5 25. Bxd5 Nxd5 26. Ne4 Qc6 27. f6 Bh8 28. h5
Qe6 29. Qd1 Nf4 30. Bxf4 exf4 31. Rxf4 Qe5 32. Qg4 Qxh5+ 33. Qxh5 gxh5 34. Rf5
Rc8 35. Rxh5 Rc6 36. Rh6 Bg7 37. Rh5 Bxf6 38. Nxf6+ Rxf6 39. Rxc5 Rf2+ 40. Kg3
Rd2 41. Kf4 Kf8 42. Ke5 Ke7 43. Rc7+ Kd8 44. Kd6 f5 45. Rc4 Rf2 46. Rxb4 Kc8
47. Rc4+ Kb7 48. Ke5 Kb6 49. c3 1-0

[Event "63rd DEN-ch"]
[Site "Aalborg DEN"]
[Date "1984.??.??"]
[Round "11"]
[White "Jakobsen, Ole"]
[Black "Hoei, Carsten"]
[WhiteElo "2420"]
[BlackElo "2400"]
[Result "1-0"]
[EventDate "1984.01.01"]
[PlyCount "153"]
[EventCategory "5"]
[Source "ChessBase"]
[SourceDate "1999.11.16"]

1. c4 Nf6 2. Nf3 g6 3. Nc3 Bg7 4. e4 d6 5. d4 O-O 6. Be2 c5 7. O-O cxd4 8. Nxd4
Nc6 9. Be3 Nxd4 10. Bxd4 Bd7 11. Qd3 Bc6 12. Kh1 a5 13. f4 Nd7 14. Bxg7 Kxg7
15. Bg4 Nf6 16. Bf3 e5 17. g3 Qe7 18. Bg2 Rad8 19. f5 g5 20. Rad1 h6 21. Rd2
Qc7 22. Qe3 Rd7 23. Rfd1 Ra8 24. b3 b6 25. a4 Rdd8 26. Rd3 Nd7 27. Rxd6 Nc5 28.
Rxd8 Rxd8 29. Nd5 Bxd5 30. cxd5 Qd6 31. Rc1 Rc8 32. Bf1 Qf6 33. h3 h5 34. Bb5
g4 35. h4 Qh6 36. Qxh6+ Kxh6 37. Rc4 Kg7 38. b4 axb4 39. Rxb4 Kf6 40. Bc6 Ke7
41. Kg2 Rc7 42. Kf1 Ra7 43. Ke2 Kd6 44. Ke3 Kc7 45. Kd2 Na6 46. Rc4 Nc5 47. Kc3
Kd6 48. Rb4 Kc7 49. f6 Na6 50. Rc4 Nc5 51. Kb4 Nd3+ 52. Ka3 Nc5 53. Rb4 Nd3 54.
Rc4 Nc5 55. Ka2 Kd6 56. Rb4 Kc7 57. Kb1 Nd3 58. Rc4 Nc5 59. Kc2 Kd6 60. Rb4 Kc7
61. Kd2 Na6 62. Rc4 Nc5 63. Ke3 Kd8 64. Bb5 Kc7 65. Rc1 Ra8 66. Bc6 Ra7 67. Rf1
Kd6 68. Be8 Ra8 69. Bxf7 Rxa4 70. Bg6 Ra3+ 71. Kf2 Rf3+ 72. Kg2 Rxf1 73. Kxf1
b5 74. Ke2 b4 75. Kd2 Kd7 76. Kc2 Kd6 77. Bf5 1-0

[Event "63rd DEN-ch"]
[Site "Aalborg DEN"]
[Date "1984.??.??"]
[Round "11"]
[White "Kroll, Ove"]
[Black "Brinck-Claussen, Bjoern"]
[WhiteElo "2300"]
[BlackElo "2370"]
[Result "1/2-1/2"]
[EventDate "1984.01.01"]
[PlyCount "99"]
[EventCategory "5"]
[Source "ChessBase"]
[SourceDate "1999.11.16"]

1. c4 Nf6 2. Nc3 c5 3. g3 e6 4. Nf3 d5 5. cxd5 Nxd5 6. Bg2 Nc6 7. O-O Be7 8.
Nxd5 exd5 9. d4 O-O 10. dxc5 Bxc5 11. Bg5 f6 12. Rc1 Bb6 13. Bd2 Re8 14. e3 Bg4
15. h3 Bh5 16. Bc3 Qd7 17. Qb3 Rad8 18. Rfd1 Kh8 19. Kh2 Bxf3 20. Bxf3 Qf5 21.
Kg2 Ne5 22. Bxe5 fxe5 23. Rxd5 Rf8 24. e4 Qf6 25. Rxd8 Rxd8 26. Rd1 Rxd1 27.
Qxd1 Qc6 28. Qe2 Bd4 29. Bg4 g6 30. h4 Kg7 31. h5 g5 32. Bf5 h6 33. Bg6 a5 34.
b3 b6 35. Qg4 Bc5 36. Qf5 Qf6 37. Qd7+ Qe7 38. Qd5 Qf6 39. Bf5 Qd6 40. Qb7+ Qe7
41. Qb8 Bd4 42. f3 Qf8 43. Qc7+ Qf7 44. Qd8 Bc5 45. Bg6 Qf6 46. Qd3 Qd6 47. Qc4
Qd2+ 48. Kh3 Qd7+ 49. Bf5 Qf7 50. Qxf7+ 1/2-1/2

[Event "63rd DEN-ch"]
[Site "Aalborg DEN"]
[Date "1984.??.??"]
[Round "11"]
[White "Pedersen, Erik"]
[Black "Fries-Nielsen, Niels Joergen"]
[WhiteElo "2380"]
[BlackElo "2345"]
[Result "1-0"]
[EventDate "1984.01.01"]
[PlyCount "99"]
[EventCategory "5"]
[Source "ChessBase"]
[SourceDate "1999.11.16"]

1. d4 c5 2. e3 g6 3. c4 Bg7 4. Nc3 Nf6 5. Nf3 O-O 6. Be2 b6 7. O-O d6 8. d5 a6
9. Rb1 Bf5 10. Bd3 Bxd3 11. Qxd3 Nbd7 12. a4 Ne8 13. Ne1 Nc7 14. f4 Qb8 15. Nf3
b5 16. b3 Ra7 17. Bd2 Rb7 18. e4 Qa7 19. Rbe1 bxc4 20. bxc4 Rb4 21. a5 Rfb8 22.
e5 Nf8 23. Ng5 h6 24. Nge4 Ne8 25. f5 dxe5 26. fxg6 fxg6 27. Qh3 Nf6 28. Bxh6
Rxc4 29. d6 Rxc3 30. Nxc3 exd6 31. Bxg7 Kxg7 32. Ne4 Nxe4 33. Rxe4 Qd7 34. Qe3
Qd8 35. Qf3 Qe7 36. Qd3 Rb5 37. Qh3 Ne6 38. Rh4 Ng5 39. Qg3 Rb4 40. Rxb4 cxb4
41. Qd3 Ne6 42. Qxa6 Nf4 43. g3 Nd5 44. Qa8 Ne3 45. a6 Nxf1 46. Qb7 Nxg3 47.
Qxe7+ Kg8 48. a7 Ne2+ 49. Kf2 Nf4 50. a8=R# 1-0